History Quiz

Random History or Clickable Quiz

Ancient Historical Figures by Civilization Quiz Stats

Quiz Updated Sep 10, 2015

Challenge
Share
Tweet
Embed
Score 0/35 Timer 06:00
276 Plays Today
% Correct
Aristotle
92.3%
Hippocrates
87.9%
Cicero
87.7%
Nefertiti
83.6%
Qin Shi Huang
83.3%
Confucius
82.6%
Herodotus
79.7%
Siddhārtha Gautama
79.6%
Hatshepsut
78%
Xerxes I
77.8%
Tacitus
77.3%
Imhotep
77.2%
Chandragupta Maurya
75.1%
Darius I
71.5%
Laozi
70%
Cyrus the Great
66.9%
Plautus
65.6%
K'inich Janaab' Pakal
65.5%
% Correct
Itzamnaaj B'alam II
64.7%
Jasaw Chan K'awiil I
64.3%
Mahavira
64.1%
Scipio Africanus
61.1%
Trajan
60.4%
Yohl Ik'nal
54%
Sappho
53.9%
Cambyses II
50.8%
Ashoka
47.7%
Lady Xoc
47.2%
Samprati
42.8%
Mozi
35.2%
Djoser
28%
Cimon
27.6%
Narmer
26.6%
Mencius
26.6%
Atossa
23.9%

You're not logged in!

Compare scores with friends on all Sporcle quizzes.
Sign Up with Email
OR
Log In

You Might Also Like...

Show Comments

Extras

Top Quizzes Today


Score Distribution

Your Account Isn't Verified!

In order to create a playlist on Sporcle, you need to verify the email address you used during registration. Go to your Sporcle Settings to finish the process.